logo

Bir Sreshtho Munshi Abdur Rouf Library
Jhenaidah Cadet College

Merriam-Webster's collegiate dictionary / (Record no. 14245)

MARC details
000 -LEADER
fixed length control field 00822cam a2200289 a 4500
001 - CONTROL NUMBER
JCCL Control Number 14245
003 - CONTROL NUMBER IDENTIFIER
JCCL marc code BD-JhCC
005 - DATE AND TIME OF LATEST TRANSACTION
control field 20250224115805.0
008 - FIXED-LENGTH DATA ELEMENTS--GENERAL INFORMATION
fixed length control field 120712s2006 maua d 001 0 eng
020 ## - INTERNATIONAL STANDARD BOOK NUMBER
International Standard Book Number 9780877798071
035 ## - SYSTEM CONTROL NUMBER
system control number (BD-JhCC)14245
040 ## - CATALOGING SOURCE
Original cataloging agency DLC
Transcribing agency DLC
Modifying agency DLC
041 ## - LANGUAGE CODE
Language code of Book eng
050 00 - LIBRARY OF CONGRESS CALL NUMBER
Classification number PE1628
Item number .M36 2006
082 00 - DEWEY DECIMAL CLASSIFICATION NUMBER
Classification number 423
DDC Edition number 23
Author mark and Year MER 2005
245 00 - TITLE STATEMENT
Title Merriam-Webster's collegiate dictionary /
246 30 - VARYING FORM OF TITLE
Title proper/short title Collegiate dictionary
250 ## - EDITION STATEMENT
Edition statement 11th ed.
260 ## - PUBLICATION, DISTRIBUTION, ETC. (IMPRINT)
Place of publication, distribution, etc Springfield, Mass. :
Name of publisher, distributor, etc Merriam-Webster,
Date of publication, distribution, etc c2005.
300 ## - PHYSICAL DESCRIPTION
Pagination 40a, 1623 p. :
Other physical details ill. ;
Dimensions 26 cm.
500 ## - GENERAL NOTE
General note Includes index.
500 ## - GENERAL NOTE
General note "New ed. -- completely revised and updated"--P. 4 of Cover.
650 #0 - SUBJECT ADDED ENTRY--TOPICAL TERM
Topical term or geographic name as entry element English language
Form subdivision Dictionaries.
710 2# - ADDED ENTRY--CORPORATE NAME
Corporate name or jurisdiction name as entry element Merriam-Webster, Inc.
942 ## - ADDED ENTRY ELEMENTS (KOHA)
Source of classification or shelving scheme Dewey Decimal Classification
Koha item type Books
Holdings
Source of classification or shelving scheme Damaged status Not for loan Home library Current library Shelving location Date of accession Source of acquisition Total Checkouts Full call number Barcode Date last seen Copy number Method of acquisition Koha item type Currency
Dewey Decimal Classification     JCC Rouf Library JCC Rouf Library General Stacks   With the compliments of Shahriar Imtiaz Rahman,27/1483/K   423 MER 2005 19861 02/24/2025 C-1 Gift/Donation Books BDT

JCC Library | Contacts | JCC Home

Last Update on 23 September 2017
Copyright @ 2017-2020 JCC Rouf Library
Rouf Library, Jhenidah Cadet College (JCC), Bangladesh